[Event "ROM-ch U10 Girls"]
[Site "Baile Felix"]
[Date "2017.02.08"]
[Round "8"]
[White "Barbu, Timea Alexandra"]
[Black "Bordeianu, Paula Sabrina"]
[Result "1-0"]
[WhiteElo "1163"]
[BlackElo "1001"]
[PlyCount "59"]
[EventDate "2017.02.02"]
[EventType "swiss"]
[EventRounds "9"]
[EventCountry "ROU"]
[SourceTitle "CBM 176 Extra"]
[Source "ChessBase"]
[SourceDate "2017.03.02"]
[SourceVersion "1"]
[SourceVersionDate "2017.03.02"]
[SourceQuality "1"]

1. e4 e6 2. d4 d5 3. Nc3 Nc6 4. Nf3 f6 5. Bf4 Bd6 6. Be3 e5 7. Nxd5 Nge7 8. Bc4 Be6 9. Nxf6+ gxf6 10. Bxe6 Bb4+ 11. c3 Ba5 12. d5 Qd6 13. Qb3 Nb4 14. cxb4 Qxb4+ 15. Qxb4 Bxb4+ 16. Bd2 Bd6 17. 0-0 Rf8 18. Bh6 Ng6 19. Bxf8 Nxf8 20. Nd2 Nxe6 21. dxe6 0-0-0 22. Nc4 Bc5 23. Rac1 b5 24. Nxe5 Be7 25. Nc6 Re8 26. Nxa7+ Kb7 27. Nxb5 Bd8 28. Rfd1 Kb6 29. a4 Rxe6 30. Rxd8 1-0

[Event "ROM-ch U08 Girls"]
[Site "Calimanesti"]
[Date "2015.03.31"]
[Round "2"]
[White "Barbu, Timea Alexandra"]
[Black "Ciocan, Ariana Roxana"]
[Result "0-1"]
[WhiteElo "1026"]
[BlackElo "1222"]
[PlyCount "36"]
[EventDate "2015.03.30"]
[EventType "swiss"]
[EventRounds "9"]
[EventCountry "ROU"]
[SourceTitle "CBM 165 Extra"]
[Source "ChessBase"]
[SourceDate "2015.04.21"]
[SourceVersion "1"]
[SourceVersionDate "2015.04.21"]
[SourceQuality "1"]

1. e4 e5 2. Nf3 Nc6 3. Nc3 Nf6 4. d4 exd4 5. Nxd4 Bc5 6. Be3 Qe7 7. Qf3 Bxd4 8. Bxd4 Nxd4 9. Qd3 Qe5 10. f3 d5 11. Rd1 c5 12. Be2 0-0 13. 0-0 dxe4 14. fxe4 Rd8 15. Nb5 Bg4 16. Bxg4 Nxg4 17. Rf5 Qxh2+ 18. Kf1 Qh1# 0-1